[Event "4NCL 2014-15"]
[Site "Hinckley Island ENG"]
[Date "2015.03.28"]
[Round "7.132"]
[White "Zhou, Yang-Fan"]
[Black "Besedin, Pavel"]
[Result "1-0"]
[WhiteTitle "IM"]
[WhiteElo "2461"]
[BlackElo "2119"]
[WhiteTeam "Guildford 2"]
[BlackTeam "The AD's"]
[WhiteFideId "468584"]
[BlackFideId "11602120"]
[EventDate "2014.11.15"]

1. e4 e5 2. Nf3 Nf6 3. Nxe5 d6 4. Nf3 Nxe4 5. d4 d5 6. Bd3 Nc6 7. O-O Bg4 8. c4
Nf6 9. cxd5 Qxd5 10. Nc3 Qh5 11. Re1+ Be7 12. Bb5 Rd8 13. Bf4 Rd7 14. Bxc6 bxc6
15. Re5 Bxf3 16. gxf3 Qh4 17. Bg3 Qh3 18. Qe2 h5 19. Re1 Ng8 20. d5 c5 21. Qa6
Rd8 22. Qc6+ Qd7 23. Nb5 Rh6 24. Nxc7+ Kf8 25. Qxd7 Rxd7 26. Nb5 h4 27. Bf4 g5
28. Bc1 Rb6 29. Nc3 Nh6 30. Be3 Ng8 31. Na4 Rb5 32. Bxg5 f6 33. Rf5 Kg7 34. Be3
Rb4 35. Rf4 Rxd5 36. b3 Bd6 37. Rg4+ Kf7 38. Nc3 Re5 39. Rxb4 cxb4 40. Ne4 Be7
41. Rc1 Ra5 42. Rc2 Kg6 43. Kg2 f5 44. Nd2 Nf6 45. Nc4 Ra6 46. Ne5+ Kg7 47. Nc6
Bd6 48. Nxa7 Nd5 49. Nb5 Be5 50. Kh3 Kf6 51. Rd2 Nf4+ 52. Bxf4 Bxf4 53. Rd4 Kg5
54. Rxb4 Rxa2 55. Nd4 Bd6 56. Rb6 Be5 57. Ne6+ Kf6 58. f4 Ba1 59. Kg2 Ke7 60.
Kf3 Rd2 61. b4 Rd3+ 62. Ke2 Rh3 63. Nc5 Rxh2 64. Re6+ Kf7 65. Rd6 Rh1 66. b5 h3
67. b6 h2 68. Rh6 Bd4 69. b7 Rb1 70. Ne6 Bf6 71. Nc5 Be7 72. Nd3 Rxb7 73. Rxh2
Ke6 74. Rh6+ Kd5 75. Rh5 Ke6 76. Rh6+ Kd5 77. Rh7 Ra7 78. Nb4+ Ke6 79. Nc2 Ra4
80. Rh6+ Bf6 81. Kf3 Kf7 82. Ne3 Ra3 83. Rh7+ Kg6 84. Rd7 Ra5 85. Rd6 Kf7 86.
Ke2 Ra2+ 87. Kf3 Ra5 88. Kg3 Kg7 89. Nd5 Ra3+ 90. f3 Bb2 91. Rd7+ Kh6 92. Rd6+
Kg7 93. Rd7+ Kh6 94. Ne7 Ra5 95. Rb7 Bc3 96. Rc7 Bb2 97. Rc2 Ba1 98. Rc1 Bb2 99.
Rc2 Ba1 100. Rd2 Bc3 101. Rd1 Bb2 102. Kh3 Bc3 103. Rg1 Bb4 104. Nc6 Ra4 105.
Nd4 Bd2 106. Nxf5+ Kh7 107. Rg7+ Kh8 108. Rd7 Bxf4 109. Kg4 Bc1+ 110. Kh5 Ra6
111. Ne7 Rh6+ 112. Kg4 Rf6 113. Rc7 Bd2 114. Rc2 Bh6 115. Rh2 Rf4+ 116. Kg3 Rf6
117. Rh5 1-0

[Event "4NCL 2014-15"]
[Site "Hinckley Island ENG"]
[Date "2015.03.28"]
[Round "7.133"]
[White "Snape, Ian L"]
[Black "Sarakauskas, Gediminas"]
[Result "0-1"]
[BlackTitle "IM"]
[WhiteElo "2161"]
[BlackElo "2396"]
[WhiteTeam "The AD's"]
[BlackTeam "Guildford 2"]
[WhiteFideId "404489"]
[BlackFideId "12800724"]
[EventDate "2014.11.15"]

1. e4 e5 2. f4 exf4 3. Nf3 g5 4. d4 d6 5. g3 g4 6. Nh4 f3 7. Be3 Be7 8. Qd2 h6
9. Nc3 Bg5 10. Nd5 Nf6 11. Bxg5 hxg5 12. Qxg5 Nxd5 13. Qxd8+ Kxd8 14. exd5 Nd7
15. h3 Nf6 16. hxg4 Bxg4 17. Bd3 Nxd5 18. Kf2 Nb4 19. Bf5 Bxf5 20. Nxf5 Kd7 21.
Ne3 Rhe8 22. Rae1 Re4 23. Rh7 Re7 24. a3 Nc6 25. c3 Rae8 26. Rhh1 Na5 27. b4 Nb3
28. Nd5 Rxe1 29. Rxe1 Rxe1 30. Kxe1 Kc6 31. Ne3 Kb5 32. c4+ Ka4 33. Nc2 Nc1 34.
g4 Nd3+ 35. Kd2 Nf2 36. Ke3 Nxg4+ 37. Kxf3 Nf6 38. Ke3 Kb3 39. Kd3 d5 40. Ne3
Kxa3 41. b5 Kb4 42. Nc2+ Kb3 43. Ne3 c6 44. cxd5 Nxd5 45. Nf5 a5 46. Nd6 a4 47.
Nxb7 cxb5 0-1

[Event "4NCL 2014-15"]
[Site "Hinckley Island ENG"]
[Date "2015.03.28"]
[Round "7.134"]
[White "Ciuksyte, Dagne"]
[Black "Wheeler, Darren P"]
[Result "1-0"]
[WhiteTitle "IM"]
[WhiteElo "2340"]
[BlackElo "2268"]
[WhiteTeam "Guildford 1"]
[BlackTeam "The AD's"]
[WhiteFideId "12800619"]
[BlackFideId "410136"]
[EventDate "2014.11.15"]

1. e4 e6 2. d4 d5 3. Nd2 Nf6 4. e5 Nfd7 5. c3 c5 6. Bd3 Nc6 7. Ne2 cxd4 8. cxd4
f6 9. exf6 Nxf6 10. Nf3 Bd6 11. O-O Qc7 12. Bg5 O-O 13. Rc1 h6 14. Bd2 g5 15.
Ne5 Bxe5 16. dxe5 Ng4 17. Ng3 Ngxe5 18. Bb1 Qg7 19. Nh5 Qf7 20. f4 Nc4 21. Bc3
e5 22. fxg5 Qxf1+ 23. Qxf1 Rxf1+ 24. Rxf1 hxg5 25. Nf6+ Kg7 26. Ne8+ Kg8 27.
Nf6+ Kg7 28. Nxd5 Bd7 29. Bd3 Nb6 30. Nxb6 axb6 31. Bc4 Rf8 32. Rxf8 Kxf8 33.
Bd2 g4 34. Kf2 Ke7 35. Ke3 Bf5 36. Bd3 Ke6 37. Be4 Nd8 38. a4 Bxe4 39. Kxe4 Nf7
40. h4 gxh3 41. gxh3 Nd6+ 42. Kd3 b5 43. axb5 Nxb5 44. h4 Nd6 45. h5 Kf5 46. b3
Ne4 47. Bc1 Nf6 48. h6 Nh7 49. Kc4 Ke4 50. b4 Nf6 51. Bb2 Kf5 52. Kb5 e4 53. Bc1
Kg6 54. Kc5 Ng4 55. Kd4 Nf6 56. Ke5 b5 57. Kd4 Kh7 58. Bg5 Ng4 59. Kxe4 Kg6 60.
Bc1 Nf2+ 61. Kd4 Kh7 62. Bd2 Kg6 63. Be1 Ng4 64. Kc5 Kxh6 65. Kxb5 Ne5 66. Kb6
Kg6 67. Bc3 Nc4+ 68. Kc5 Na3 69. Bb2 Nb1 70. b5 Nd2 71. b6 Ne4+ 72. Kc6 1-0

[Event "4NCL 2014-15"]
[Site "Hinckley Island ENG"]
[Date "2015.03.28"]
[Round "7.135"]
[White "Anderton, David W"]
[Black "Wadsworth, Matthew J"]
[Result "0-1"]
[WhiteTitle "CM"]
[WhiteElo "2172"]
[BlackElo "2064"]
[WhiteTeam "The AD's"]
[BlackTeam "Guildford 2"]
[WhiteFideId "401668"]
[BlackFideId "415804"]
[EventDate "2014.11.15"]

1. d4 Nf6 2. c4 c5 3. d5 e6 4. Nc3 exd5 5. cxd5 d6 6. e4 g6 7. f4 Bg7 8. Bb5+
Nfd7 9. a4 Qh4+ 10. g3 Qe7 11. Nf3 O-O 12. O-O Na6 13. Re1 Nb4 14. Bf1 b6 15. h3
Bb7 16. Be3 a6 17. Bf2 Rae8 18. g4 Nf6 19. Bh4 Qd7 20. Nd2 Qc7 21. Nc4 Nd7 22.
Qd2 f5 23. exf5 Bd4+ 24. Kh2 Nxd5 25. Nxd5 Bxd5 26. Be7 Ne5 27. fxe5 Qxe7 28.
exd6 Qd7 29. Qf4 Rxe1 30. Rxe1 Qxa4 31. Ne3 Bf7 32. Bg2 Re8 33. Kh1 Qa5 34. Re2
Qa1+ 35. Qf1 Qxf1+ 36. Bxf1 Rxe3 37. d7 Bd5+ 38. Bg2 Rxh3# 0-1

[Event "4NCL 2014-15"]
[Site "Hinckley Island ENG"]
[Date "2015.03.28"]
[Round "7.137"]
[White "Walker, Nicholas A"]
[Black "Buckley, Graeme N"]
[Result "0-1"]
[BlackTitle "IM"]
[WhiteElo "1881"]
[BlackElo "2345"]
[WhiteTeam "The AD's"]
[BlackTeam "Guildford 2"]
[WhiteFideId "412783"]
[BlackFideId "402265"]
[EventDate "2014.11.15"]

1. e4 c5 2. d4 cxd4 3. Nf3 Nc6 4. c3 dxc3 5. Nxc3 d6 6. Bc4 e6 7. O-O Be7 8. Qe2
Nf6 9. Rd1 e5 10. Be3 Bg4 11. h3 Bxf3 12. Qxf3 O-O 13. g4 Rc8 14. Bb3 Ne8 15.
Rd2 Bg5 16. Rad1 Rc7 17. Nb5 Rd7 18. Qf5 h6 19. h4 Bxh4 20. f4 Bg3 21. g5 exf4
22. gxh6 fxe3 23. Rg2 Qh4 24. Qxd7 Bf2+ 25. Kf1 Qh1+ 26. Ke2 Qh5+ 0-1

[Event "4NCL 2014-15"]
[Site "Hinckley Island ENG"]
[Date "2015.03.28"]
[Round "7.141"]
[White "Gormally, Daniel W"]
[Black "Collins, Sam E."]
[Result "1-0"]
[WhiteTitle "GM"]
[BlackTitle "IM"]
[WhiteElo "2497"]
[BlackElo "2490"]
[WhiteTeam "Blackthorne Russia"]
[BlackTeam "Barbican 4NCL 1"]
[WhiteFideId "406465"]
[BlackFideId "2501198"]
[EventDate "2014.11.15"]

1. d4 Nf6 2. Nf3 g6 3. g3 Bg7 4. Bg2 d5 5. c4 c6 6. Qb3 O-O 7. O-O Qb6 8. Nc3
Rd8 9. cxd5 Qxb3 10. axb3 Nxd5 11. Bg5 Kf8 12. Rfd1 Be6 13. e4 Nb4 14. d5 cxd5
15. exd5 Nxd5 16. Nxd5 Rxd5 17. Nd4 Rd7 18. Nxe6+ fxe6 19. Rxd7 Nxd7 20. Bxb7
Rb8 21. Rxa7 Nc5 22. Bc6 Bf6 23. Bh6+ Kf7 24. b4 Rxb4 25. Ra8 e5 26. Be8+ Ke6
27. Be3 Ne4 28. Ra4 Rb8 29. Bc6 Nd6 30. b4 Nb5 31. Ra6 Nd4 32. Be4+ Kf7 33. Bd2
g5 34. Kg2 h6 35. h3 e6 36. Ra7+ Be7 37. Rb7 Rxb7 38. Bxb7 Nc2 39. b5 Nd4 40.
Bc6 Ba3 41. h4 gxh4 42. g4 Kg7 43. Bd7 Bc5 44. Ba5 Ne2 45. Bc7 Nf4+ 46. Kh2 Nd3
47. f3 Bf2 48. b6 Bg3+ 49. Kg2 Nf4+ 50. Kg1 h3 51. Bxe5+ Kf7 52. Kh1 Nd5 53.
Bxg3 Nxb6 54. Bc6 1-0

[Event "4NCL 2014-15"]
[Site "Hinckley Island ENG"]
[Date "2015.03.28"]
[Round "7.142"]
[White "Parker, Jonathan F"]
[Black "Ledger, Andrew J"]
[Result "1-0"]
[WhiteTitle "GM"]
[BlackTitle "IM"]
[WhiteElo "2519"]
[BlackElo "2396"]
[WhiteTeam "Barbican 4NCL 1"]
[BlackTeam "Blackthorne Russia"]
[WhiteFideId "400580"]
[BlackFideId "400610"]
[EventDate "2014.11.15"]

1. Nf3 Nf6 2. g3 d5 3. Bg2 c6 4. O-O Bg4 5. d3 Nbd7 6. c4 e6 7. Nc3 Be7 8. cxd5
cxd5 9. e4 dxe4 10. dxe4 O-O 11. h3 Bh5 12. g4 Bg6 13. Qe2 Nc5 14. Ne5 Nfd7 15.
Rd1 Qc8 16. Nxg6 hxg6 17. Be3 e5 18. Rac1 Ne6 19. Nd5 Qd8 20. Qb5 Nd4 21. Bxd4
exd4 22. Rc7 1-0

[Event "4NCL 2014-15"]
[Site "Hinckley Island ENG"]
[Date "2015.03.28"]
[Round "7.143"]
[White "Ansell, Simon T"]
[Black "Turner, Matthew J"]
[Result "1/2-1/2"]
[WhiteTitle "IM"]
[BlackTitle "GM"]
[WhiteElo "2379"]
[BlackElo "2485"]
[WhiteTeam "Blackthorne Russia"]
[BlackTeam "Barbican 4NCL 1"]
[WhiteFideId "402141"]
[BlackFideId "402893"]
[EventDate "2014.11.15"]

1. e4 c5 2. Nf3 Nc6 3. Bb5 e6 4. O-O Nge7 5. c3 a6 6. Ba4 b5 7. Bc2 Bb7 8. a4
Ng6 9. axb5 axb5 10. Rxa8 Qxa8 11. Re1 Be7 12. Na3 b4 13. Nc4 O-O 14. Bb3 Na5
15. Nxa5 Qxa5 16. cxb4 Qxb4 17. d3 Bf6 18. Bd2 Qb6 19. Bc3 Bd4 20. Ba4 d5 21. e5
Bxc3 22. bxc3 d4 23. cxd4 Bxf3 24. Qxf3 Qb4 25. Qd1 cxd4 26. g3 Rc8 27. Bb3 h5
28. Bc4 h4 29. Kg2 Qa5 30. Qe2 Rb8 31. Kh3 Rb2 32. Qxb2 Qxe1 33. Qxd4 Qf1+ 34.
Kg4 Qe2+ 35. Kh3 hxg3 36. hxg3 Nxe5 37. Qd8+ Kh7 38. Kg2 Ng4 39. Qd4 f5 40. Qf4
Kg6 41. Qf3 Qe1 42. d4 Kf6 43. Qe2 Qxe2 44. Bxe2 Nh6 45. Kf3 Ke7 46. Ke3 Kd6 47.
Kd3 Ng8 48. Bd1 Nf6 49. Bb3 Ng4 1/2-1/2

[Event "4NCL 2014-15"]
[Site "Hinckley Island ENG"]
[Date "2015.03.28"]
[Round "7.144"]
[White "D'Costa, Lorin A R"]
[Black "Bates, Richard A"]
[Result "1-0"]
[WhiteTitle "IM"]
[BlackTitle "IM"]
[WhiteElo "2430"]
[BlackElo "2349"]
[WhiteTeam "Barbican 4NCL 1"]
[BlackTeam "Blackthorne Russia"]
[WhiteFideId "409219"]
[BlackFideId "403555"]
[EventDate "2014.11.15"]

1. d4 Nf6 2. c4 g6 3. Nf3 Bg7 4. g3 d5 5. cxd5 Nxd5 6. Bg2 Nb6 7. Nc3 Nc6 8. Bf4
O-O 9. e3 Be6 10. h4 Bc4 11. a3 Nd7 12. Qa4 b5 13. Qa6 Nb6 14. Nd2 e5 15. Bxc6
exf4 16. gxf4 Bxd4 17. exd4 Re8+ 18. Bxe8 Qxe8+ 19. Kd1 Rd8 20. Kc2 Rxd4 21.
Nxc4 Nxc4 22. Rad1 Rxf4 23. Rhf1 c6 24. Qxa7 Qe6 25. Qb8+ 1-0

[Event "4NCL 2014-15"]
[Site "Hinckley Island ENG"]
[Date "2015.03.28"]
[Round "7.145"]
[White "Duncan, Chris R"]
[Black "Ferguson, Mark"]
[Result "1/2-1/2"]
[WhiteTitle "FM"]
[BlackTitle "IM"]
[WhiteElo "2336"]
[BlackElo "2415"]
[WhiteTeam "Blackthorne Russia"]
[BlackTeam "Barbican 4NCL 1"]
[WhiteFideId "403091"]
[BlackFideId "403547"]
[EventDate "2014.11.15"]

1. d4 d5 2. Nf3 Nf6 3. c4 c6 4. e3 Bf5 5. Nc3 a6 6. cxd5 cxd5 7. Qb3 Nc6 8. Be2
e6 9. O-O Bd6 10. Bd2 O-O 11. Rfc1 Na5 12. Qd1 b5 13. Nh4 Nc4 14. Nxf5 exf5 15.
Be1 Rc8 16. a4 Nxb2 17. Qb3 Nxa4 18. Nxa4 bxa4 19. Qxa4 Rxc1 20. Rxc1 f4 21.
exf4 Bxf4 22. Ra1 1/2-1/2

[Event "4NCL 2014-15"]
[Site "Hinckley Island ENG"]
[Date "2015.03.28"]
[Round "7.146"]
[White "Grafl, Florian"]
[Black "Webb, Laurence E"]
[Result "1/2-1/2"]
[BlackTitle "FM"]
[WhiteElo "2408"]
[BlackElo "2264"]
[WhiteTeam "Barbican 4NCL 1"]
[BlackTeam "Blackthorne Russia"]
[WhiteFideId "4645715"]
[BlackFideId "402389"]
[EventDate "2014.11.15"]

1. b3 e5 2. Bb2 Nc6 3. e3 d6 4. Nf3 Bg4 5. h3 Bh5 6. Be2 e4 7. Nd4 Bxe2 8. Qxe2
Qd7 9. Nc3 d5 10. Nxc6 Qxc6 11. f3 exf3 12. Qxf3 Nf6 13. O-O-O O-O-O 14. g4 Rd7
15. g5 Ne4 16. Nxe4 dxe4 17. Qf5 h6 18. Rhg1 hxg5 19. Rxg5 f6 20. Rg4 Qd5 21.
Qf1 Bb4 22. Qg2 f5 23. Rxg7 Rxg7 24. Qxg7 Rxh3 25. c3 Bd6 26. c4 Qe6 27. Rg1 b6
28. Rg6 Qe8 29. Qf6 Rh5 30. Kc2 Kb7 31. Rg7 Kb8 32. Qf7 Qxf7 33. Rxf7 Kb7 34. b4
a6 35. Bd4 Kc6 36. Rf6 Kd7 37. c5 Be7 38. c6+ Ke8 39. Rg6 Bxb4 40. Be5 Rh7 41.
Re6+ Kf7 42. Rf6+ Ke7 43. Rg6 Kf7 44. Rf6+ Ke7 45. Rg6 Kf7 1/2-1/2

[Event "4NCL 2014-15"]
[Site "Hinckley Island ENG"]
[Date "2015.03.28"]
[Round "7.147"]
[White "Ledger, Dave J"]
[Black "Taylor, Martin R"]
[Result "1/2-1/2"]
[WhiteTitle "FM"]
[BlackTitle "FM"]
[WhiteElo "2268"]
[BlackElo "2328"]
[WhiteTeam "Blackthorne Russia"]
[BlackTeam "Barbican 4NCL 1"]
[WhiteFideId "401986"]
[BlackFideId "407836"]
[EventDate "2014.11.15"]

1. e4 Nf6 2. e5 Nd5 3. d4 d6 4. Nf3 dxe5 5. Nxe5 c6 6. Be2 Bf5 7. g4 Be6 8. c4
Nb6 9. b3 f6 10. Nd3 Qxd4 11. Bb2 Qd7 12. Nc3 Na6 13. Rg1 Qc7 14. Rg3 O-O-O 15.
Qd2 Bf7 16. O-O-O e5 17. Qe3 Bg6 18. Ne4 Nb4 19. Nxb4 Bxb4 20. h4 Rxd1+ 21. Bxd1
Rd8 22. Bc2 Qd7 23. Kb1 Qe7 24. h5 Bxe4 25. Qxe4 h6 26. Rd3 Rxd3 27. Qxd3 Nd7
28. Qh7 Kc7 29. Qg8 Qf8 30. Qh7 Bc5 31. Bf5 Qe7 32. f3 Bd6 33. Bc1 Kb6 34. Bxd7
Qxd7 35. Bxh6 Ba3 36. Be3+ Kc7 37. Kc2 b6 38. Qg6 Qe7 39. Kd3 Qf8 40. Ke2 Be7
41. a4 Bd8 42. Qh7 Qe7 43. Kf2 Qd7 44. b4 Kc8 45. Qg8 Kb7 46. Ke2 e4 1/2-1/2

[Event "4NCL 2014-15"]
[Site "Hinckley Island ENG"]
[Date "2015.03.28"]
[Round "7.148"]
[White "Bhatia, Kanwal K"]
[Black "Atkins, Rita"]
[Result "1-0"]
[WhiteTitle "WFM"]
[BlackTitle "WIM"]
[WhiteElo "2028"]
[BlackElo "2130"]
[WhiteTeam "Barbican 4NCL 1"]
[BlackTeam "Blackthorne Russia"]
[WhiteFideId "407496"]
[BlackFideId "408050"]
[EventDate "2014.11.15"]

1. e4 d6 2. d4 Nf6 3. Nc3 c6 4. f4 Qa5 5. Bd3 e5 6. Nf3 Nbd7 7. O-O Be7 8. Kh1
O-O 9. Qe1 Qc7 10. Be3 b5 11. Rd1 a6 12. dxe5 dxe5 13. f5 Bb7 14. Qg3 b4 15. Nb1
c5 16. Bh6 Nh5 17. Qh3 Ndf6 18. Be3 c4 19. Be2 Bxe4 20. Ng5 Nf4 21. Bxf4 exf4
22. Nxe4 Nxe4 23. Bf3 Ng5 24. Qg4 Nxf3 25. Qxf3 Rad8 26. Nd2 Bf6 27. b3 cxb3 28.
cxb3 Qe5 29. Qg4 Rfe8 30. h3 Qe2 31. Nc4 Qxa2 32. Qf3 h6 33. Kh2 Rxd1 34. Rxd1
Re2 35. Nd6 Qc2 36. Qa8+ Kh7 37. Nxf7 g5 38. Rd7 Bg7 39. f6 Qc3 40. Nxg5+ Kg6
41. Rxg7+ Kf5 42. Qd5+ Re5 43. Qd7+ 1-0

[Event "4NCL 2014-15"]
[Site "Hinckley Island ENG"]
[Date "2015.03.28"]
[Round "7.151"]
[White "Short, Nigel D"]
[Black "Zakarian, David"]
[Result "1-0"]
[WhiteTitle "GM"]
[BlackTitle "FM"]
[WhiteElo "2660"]
[BlackElo "2394"]
[WhiteTeam "Guildford 1"]
[BlackTeam "Oxford 1"]
[WhiteFideId "400025"]
[BlackFideId "13301276"]
[EventDate "2014.11.15"]

1. e4 Nc6 2. d4 d5 3. exd5 Qxd5 4. Nf3 Bg4 5. Nc3 Qa5 6. Bb5 O-O-O 7. Bxc6 bxc6
8. Qe2 Nf6 9. O-O e6 10. h3 Bh5 11. g4 Nxg4 12. hxg4 Bxg4 13. Qe4 Bxf3 14. Qxf3
Rxd4 15. Be3 Rh4 16. Rfd1 Qe5 17. Qxc6 Bd6 18. Nb5 Qh2+ 19. Kf1 Qh1+ 20. Qxh1
Rxh1+ 21. Ke2 Rxd1 22. Rxd1 Be5 23. Nxa7+ Kb7 24. Rd3 h5 25. Rb3+ Ka6 26. Nc6
Bd6 27. c4 h4 28. Nb8+ Ka5 29. Rb5+ Ka4 30. Bc1 1-0

[Event "4NCL 2014-15"]
[Site "Hinckley Island ENG"]
[Date "2015.03.28"]
[Round "7.152"]
[White "Rose, Matthew"]
[Black "Edouard, Romain"]
[Result "0-1"]
[BlackTitle "GM"]
[WhiteElo "2309"]
[BlackElo "2638"]
[WhiteTeam "Oxford 1"]
[BlackTeam "Guildford 1"]
[WhiteFideId "407941"]
[BlackFideId "633429"]
[EventDate "2014.11.15"]

1. e4 c5 2. c3 d5 3. exd5 Qxd5 4. d4 Nc6 5. Nf3 Bf5 6. Be3 Nf6 7. Na3 cxd4 8.
Nb5 O-O-O 9. Nbxd4 Ng4 10. Qb3 Nxe3 11. Qxd5 Nxd5 12. Nxf5 e6 13. N5d4 Nxd4 14.
Nxd4 Bc5 15. Rd1 Ne7 16. Bb5 Bxd4 17. cxd4 Rd6 18. Rd2 Rhd8 19. O-O Rxd4 20.
Rc1+ Kb8 21. Rxd4 Rxd4 22. Be8 f6 23. Kf1 Rd2 24. Bf7 e5 25. Ke1 Rxb2 26. Rd1
Nc6 27. Rd7 e4 28. Bg8 Ne5 29. Rd2 Nd3+ 30. Ke2 Rxd2+ 31. Kxd2 Nxf2 32. Bxh7 Kc7
33. h3 Kd6 34. Ke3 Nd3 35. Kxe4 Nb4 36. Bg8 Nc6 37. Kf4 b5 38. h4 a5 39. g4 a4
40. g5 fxg5+ 41. hxg5 b4 42. Ke4 b3 43. a3 Na7 44. Bc4 b2 0-1

[Event "4NCL 2014-15"]
[Site "Hinckley Island ENG"]
[Date "2015.03.28"]
[Round "7.153"]
[White "Jones, Gawain C B"]
[Black "Eckersley-Waites, Tom"]
[Result "1-0"]
[WhiteTitle "GM"]
[WhiteElo "2671"]
[BlackElo "2282"]
[WhiteTeam "Guildford 1"]
[BlackTeam "Oxford 1"]
[WhiteFideId "409561"]
[BlackFideId "412449"]
[EventDate "2014.11.15"]

1. c4 Nf6 2. Nc3 e6 3. e4 d5 4. cxd5 exd5 5. e5 Ne4 6. d4 Nc6 7. Bb5 Bb4 8. Ne2
Bg4 9. Qa4 Bxe2 10. Bxc6+ bxc6 11. Qxc6+ Kf8 12. Kxe2 Bxc3 13. bxc3 Rb8 14. Rb1
Rxb1 15. Ba3+ Kg8 16. Rxb1 h5 17. Bc1 Qh4 18. Be3 Rh6 19. Rb8+ Kh7 20. Qd7 Nxc3+
21. Kd3 Nd1 22. Bxh6 Qe4+ 23. Kd2 Nb2 24. Rxb2 Qxd4+ 25. Kc1 Qc3+ 26. Kb1 Kxh6
27. Qxd5 1-0

[Event "4NCL 2014-15"]
[Site "Hinckley Island ENG"]
[Date "2015.03.28"]
[Round "7.154"]
[White "Harvey, Marcus R"]
[Black "Pert, Nicholas"]
[Result "0-1"]
[WhiteTitle "FM"]
[BlackTitle "GM"]
[WhiteElo "2322"]
[BlackElo "2562"]
[WhiteTeam "Oxford 1"]
[BlackTeam "Guildford 1"]
[WhiteFideId "400092"]
[BlackFideId "403989"]
[EventDate "2014.11.15"]

1. g3 d5 2. Nf3 Nf6 3. Bg2 Bf5 4. O-O e6 5. d3 h6 6. Nc3 Be7 7. Qe1 O-O 8. e4
Bh7 9. Qe2 c5 10. e5 Nfd7 11. h4 Nc6 12. Bf4 Qb6 13. Qd2 Rfd8 14. a3 c4 15. d4
Qxb2 16. Ra2 Qb6 17. Rb1 Qa5 18. h5 Bf5 19. Nh2 f6 20. g4 Bh7 21. Rxb7 fxe5 22.
dxe5 Rab8 23. Nxd5 Qxd2 24. Nxe7+ Nxe7 25. Bxd2 Rxb7 26. Bxb7 Nxe5 27. Bf4 N5c6
28. Bxc6 Nxc6 29. Rb2 c3 30. Rb7 Bxc2 31. Rc7 Ba4 32. Nf3 Rf8 33. Ne5 Rxf4 34.
Nxc6 Rxg4+ 35. Kf1 Bb5+ 0-1

[Event "4NCL 2014-15"]
[Site "Hinckley Island ENG"]
[Date "2015.03.28"]
[Round "7.155"]
[White "Suarez Real, Alberto"]
[Black "Rawlinson, Aidan M"]
[Result "0-1"]
[WhiteTitle "IM"]
[WhiteElo "2403"]
[BlackElo "2190"]
[WhiteTeam "Guildford 1"]
[BlackTeam "Oxford 1"]
[WhiteFideId "2218534"]
[BlackFideId "413496"]
[EventDate "2014.11.15"]

1. e4 g6 2. d4 Bg7 3. Nc3 d6 4. Be3 a6 5. Qd2 b5 6. a4 b4 7. Nce2 a5 8. Ng3 h5
9. Bd3 Nd7 10. f4 Bb7 11. e5 e6 12. Nf3 Nh6 13. Ng5 Qe7 14. O-O h4 15. N3e4 Ng4
16. Rae1 Bxe4 17. Bxe4 d5 18. Bd3 c5 19. c3 c4 20. Be2 Nxe3 21. Qxe3 b3 22. g4
hxg3 23. hxg3 O-O-O 24. Kg2 Nb6 25. Ra1 Rh6 26. Rh1 Rdh8 27. Rxh6 Rxh6 28. Bg4
Qe8 29. Qf3 Qd7 30. Bh3 Kd8 31. g4 Qe7 32. Qe3 Rh8 33. Qg3 Bh6 34. Nf3 Qe8 35.
Qh4+ Kc7 36. f5 gxf5 37. gxf5 Bc1 38. Qf2 Qg8+ 39. Kf1 Bxb2 40. Qxb2 Rxh3 41.
Ng1 Rh1 42. Qf2 Nxa4 0-1

[Event "4NCL 2014-15"]
[Site "Hinckley Island ENG"]
[Date "2015.03.28"]
[Round "7.156"]
[White "Dickinson, Tim R"]
[Black "Hebden, Mark L"]
[Result "0-1"]
[BlackTitle "GM"]
[WhiteElo "2102"]
[BlackElo "2498"]
[WhiteTeam "Oxford 1"]
[BlackTeam "Guildford 2"]
[WhiteFideId "405728"]
[BlackFideId "400084"]
[EventDate "2014.11.15"]

1. d4 Nf6 2. Nf3 g6 3. c4 Bg7 4. Nc3 O-O 5. e4 d6 6. Be2 e5 7. dxe5 dxe5 8. Qxd8
Rxd8 9. Bg5 Nbd7 10. O-O-O Rf8 11. h3 Nc5 12. Bd3 c6 13. Be3 Nfd7 14. Bc2 a5 15.
Na4 Nxa4 16. Bxa4 Re8 17. Ne1 f5 18. f3 Nf6 19. Bc2 Be6 20. b3 a4 21. exf5 gxf5
22. Nd3 e4 23. Nc5 exf3 24. Bd4 axb3 25. axb3 Ne4 26. Nxe6 Rxe6 27. Bxg7 fxg2
28. Rhg1 Kxg7 29. Rxg2+ Kf6 30. Rd7 b5 31. cxb5 cxb5 32. Rxh7 Rc8 33. Kb2 Rc5
34. b4 Rcc6 35. Rb7 Nd6 36. Ra7 Nc4+ 37. Kb3 Ne3 38. Rf2 Nxc2 39. Rxc2 Re3+ 40.
Kb2 Rxc2+ 41. Kxc2 f4 42. Ra6+ Kf5 43. Rb6 Re5 44. Kd2 f3 45. Rb8 Kf4 46. h4 f2
47. Rf8+ Kg3 48. Rg8+ Kxh4 49. Rf8 Kg3 50. Rg8+ Kf4 51. Rf8+ Rf5 0-1

[Event "4NCL 2014-15"]
[Site "Hinckley Island ENG"]
[Date "2015.03.28"]
[Round "7.157"]
[White "Flear, Glenn C"]
[Black "Matta, Francesca"]
[Result "1/2-1/2"]
[WhiteTitle "GM"]
[WhiteElo "2460"]
[BlackElo "1921"]
[WhiteTeam "Guildford 1"]
[BlackTeam "Oxford 1"]
[WhiteFideId "400165"]
[BlackFideId "818780"]
[EventDate "2014.11.15"]

1. d4 d5 2. c4 dxc4 3. Nf3 Nd7 4. e4 Nb6 5. Ne5 Nf6 6. Nc3 c6 7. Nxc4 Nxc4 8.
Bxc4 b5 9. Bd3 a6 10. e5 Nd5 11. Ne4 Bf5 12. O-O e6 13. Bg5 Qd7 14. a3 Bxe4 15.
Bxe4 Be7 16. Bd2 O-O 17. h4 Rac8 18. Rc1 c5 19. dxc5 Bxc5 20. Qe2 Nb6 21. Rcd1
Qa7 22. Qg4 Rfd8 23. Bg5 Rxd1 24. Rxd1 Nc4 25. Bf6 Bxf2+ 26. Kh1 g6 27. Rd3 Bd4
28. Bxg6 hxg6 29. Rxd4 Ne3 30. Qf4 Nf5 31. Rd3 Qc5 32. Kh2 Qc2 33. Rd2 Qc5 34.
Rd6 a5 35. Qd2 a4 36. Rd8+ Rxd8 37. Qxd8+ Qf8 38. Qd7 Qb8 39. Qc6 Ne3 40. Qe4
Nd5 41. Kh3 Qb6 42. Qc2 Qe3+ 43. g3 Nf4+ 44. Kg4 Qe2+ 45. Qxe2 Nxe2 46. Kf3 Nd4+
47. Ke4 Nc6 48. Bg5 Kg7 49. Bd2 Kf8 50. g4 Kg7 51. Bc3 Kh7 52. Bb4 Kg7 53. Bd6
Kh7 54. Kf4 Nd4 55. Bc5 Nc6 56. Bb4 Kg7 57. Bc3 Ne7 58. Bb4 Nc6 59. Bd6 Nd4 60.
Ke4 1/2-1/2

[Event "4NCL 2014-15"]
[Site "Hinckley Island ENG"]
[Date "2015.03.28"]
[Round "7.158"]
[White "Hayward, Philip"]
[Black "Milliet, Sophie"]
[Result "0-1"]
[BlackTitle "IM"]
[WhiteElo "1898"]
[BlackElo "2390"]
[WhiteTeam "Oxford 1"]
[BlackTeam "Guildford 2"]
[WhiteFideId "20672870"]
[BlackFideId "623725"]
[EventDate "2014.11.15"]

1. c4 e5 2. g3 Nc6 3. Bg2 Bc5 4. Nc3 a6 5. e3 d6 6. Nge2 Ba7 7. O-O Nge7 8. b3
h5 9. d4 h4 10. d5 Nb8 11. f4 Nd7 12. f5 Nf6 13. Qd3 Rh5 14. Ne4 Bxf5 15. Nxf6+
gxf6 16. Rxf5 Nxf5 17. Bh3 Ng7 18. Kg2 f5 19. e4 hxg3 20. hxg3 fxe4 21. Qxe4 f5
22. Qf3 Qf6 23. g4 Qg6 24. Ng3 Rxh3 25. Kxh3 O-O-O 26. gxf5 Rh8+ 27. Kg2 Qh7 28.
Kf1 Qh3+ 29. Qg2 Qg4 30. Bd2 Rh3 31. Ne2 Rf3+ 0-1